| 000 | 00730nmc a2200277 a 4500 | ||
|---|---|---|---|
| 003 | AR-BaBNM | ||
| 005 | 20251128204042.0 | ||
| 008 | 167019s1981 ||||||||||||||000 | spa|| | ||
| 040 | _cAR-BaBNM | ||
| 100 | 1 | _aIrazusta, Julio | |
| 245 | 1 | 0 |
_aLa generación del 80 _bprofecias y realizaciones |
| 250 | _a1ª ed. | ||
| 260 |
_aBuenos Aires _bDocencia _c1981 |
||
| 300 | 0 | _a59 p. | |
| 490 | 0 |
_aPerspectivas _vv. 4 |
|
| 600 | 1 | 4 | _aMitre, Bartolomé |
| 600 | 1 | 4 | _aAlberdi, Juan Bautista |
| 600 | _aRoca, Julio Argentino | ||
| 650 | 4 | _aGENERACION DE 1880 | |
| 650 | 4 | _aHISTORIA DE LAS IDEAS | |
| 650 | 4 | _aHISTORIA POLITICA | |
| 650 | 4 | _aHISTORIA SOCIAL | |
| 650 | 4 | _aMETODO HISTORICO | |
| 942 | _cBK | ||
| 998 | _cmariana | ||
| 999 |
_c5970 _d5970 |
||